| 000 | 00516nam a2200181 i 4500 | ||
|---|---|---|---|
| 001 | 142403 | ||
| 003 | ES-MaACL | ||
| 007 | t| | ||
| 008 | 071005s1954 sp ||||1| spa d | ||
| 100 | 1 |
_aVillacorta, Juan Carlos. _9114910 |
|
| 245 | 1 | 0 |
_aCielo lejano / _cJuan Carlos Villacorta. |
| 260 |
_aMadrid : _b[s.n.], _c1954 ( _fGráfs. Valera) |
||
| 300 |
_a180 p. ; _c18 cm. |
||
| 490 | 1 |
_aEl Grifón ; _v19 |
|
| 830 | 0 |
_aEl Grifón ; _v19 _9181273 |
|
| 852 |
_aES-MaACL _jC-8480 _bR.36518 |
||
| 999 |
_c142403 _d142403 |
||